Ubilibet

Bibliographic Details
Format: Unknown
Language:Spanish
Published: [Barcelona] : [s.n.], 2002
Subjects:
Online Access:Acceso restringido

MARC

LEADER 00000ny a22000003n 4500
005 20110607133254.0
008 080709s2002 sp s 000 0 spa c
035 |a 67 
040 |a UMA.RE  |d vLex 
080 |a 007.738.5:347.772(0.034) 
080 |a 347.772:004.738.5(0.034) 
090 |c 540  |d 540 
245 0 0 |a Ubilibet  |h [Recurso electrn̤ico] 
256 |a Servicio en ln̕ea 
260 |a [Barcelona] :  |b [s.n.], 2002 
506 1 |a Contenido solo disponible en los productos indicados  |d vLex Global  |d vLex Global (Academic Edition, excluding Law Schools)  |d vLex Global (U.S. Academic Edition, Law Schools)  |d vLex Global (U.S. Academic Edition, excluding Law Schools)  |d vLex Global (Academic Edition, Law Schools) 
650 0 7 |a Civil  |2 Tesauro vLex 
650 0 7 |a Propiedad intelectual  |2 Tesauro vLex 
740 0 |a vLex Libros (Servicios en ln̕ea) 
856 4 0 |u http://vlex.com/source/67  |z Acceso restringido 
942 |c BOOK 
999 0 |a Civil Law   |b Barcelona